<?xml version="1.0" encoding="UTF-8"?>
<record
    xmlns:xsi="http://www.w3.org/2001/XMLSchema-instance"
    xsi:schemaLocation="http://www.loc.gov/MARC21/slim http://www.loc.gov/standards/marcxml/schema/MARC21slim.xsd"
    xmlns="http://www.loc.gov/MARC21/slim">

  <leader>02162nam a2200361 a 4500</leader>
  <controlfield tag="001">000000266</controlfield>
  <controlfield tag="003">DO-SdBNP</controlfield>
  <controlfield tag="005">20251027111908.0</controlfield>
  <controlfield tag="008">081112s2007    dr abc  r     000 0 spa d</controlfield>
  <datafield tag="040" ind1=" " ind2=" ">
    <subfield code="a">DO-SdBNP</subfield>
    <subfield code="b">spa</subfield>
    <subfield code="c">BNPHU</subfield>
  </datafield>
  <datafield tag="082" ind1=" " ind2=" ">
    <subfield code="a">917</subfield>
    <subfield code="b">C719g, 2007</subfield>
  </datafield>
  <datafield tag="100" ind1="1" ind2=" ">
    <subfield code="a">Col&#xF3;n, Juan,</subfield>
    <subfield code="d">1962-</subfield>
    <subfield code="9">863</subfield>
  </datafield>
  <datafield tag="245" ind1="1" ind2="0">
    <subfield code="a">Geograf&#xED;a e historia de Am&#xE9;rica y de los pueblos del Caribe :</subfield>
    <subfield code="b">2do. grado del 1er. ciclo /</subfield>
    <subfield code="c">Juan Col&#xF3;n.</subfield>
  </datafield>
  <datafield tag="250" ind1=" " ind2=" ">
    <subfield code="a">5a ed.</subfield>
  </datafield>
  <datafield tag="260" ind1=" " ind2=" ">
    <subfield code="a">Santo Domingo :</subfield>
    <subfield code="b">Secretar&#xED;a de Estado de Educaci&#xF3;n,</subfield>
    <subfield code="c">2007.</subfield>
  </datafield>
  <datafield tag="300" ind1=" " ind2=" ">
    <subfield code="a">247 p. :</subfield>
    <subfield code="b">il., map., retrs. ;</subfield>
    <subfield code="c">27 cm.</subfield>
  </datafield>
  <datafield tag="500" ind1=" " ind2=" ">
    <subfield code="a">Incluye datos biograf&#xED;cos del autor en la contracubierta.</subfield>
  </datafield>
  <datafield tag="500" ind1=" " ind2=" ">
    <subfield code="a">La biblioteca posee la reimpresi&#xF3;n del 2013</subfield>
  </datafield>
  <datafield tag="505" ind1="0" ind2=" ">
    <subfield code="g">Unidad 1.</subfield>
    <subfield code="t">El continente americano --</subfield>
    <subfield code="g">Unidad 2.</subfield>
    <subfield code="t">Culturas cl&#xE1;sicas americanas y caribe&#xF1;as --</subfield>
    <subfield code="g">Unidad 3.</subfield>
    <subfield code="t">La Colonizaci&#xF3;n Europea --</subfield>
    <subfield code="g">Unidad 4.</subfield>
    <subfield code="t">Movimientos emancipadores e integracionistas de Am&#xE9;rica --</subfield>
    <subfield code="g">Unidad 5.</subfield>
    <subfield code="t">Formaci&#xF3;n de nuevas naciones en el Caribe. Guerra hispanoamericana. Injerencia e intervenci&#xF3;n de Estados Unidos en Am&#xE9;rica Central y las Antillas --</subfield>
    <subfield code="g">Unidad 6.</subfield>
    <subfield code="t">Diversidad hist&#xF3;rico-Social del continente americano --</subfield>
    <subfield code="g">Unidad 7.</subfield>
    <subfield code="t">Desarrollo econ&#xF3;mico, tecnol&#xF3;gico y cultural, as&#xED; como problemas demogr&#xE1;ficos y subdesarrollo de los pueblos de Am&#xE9;rica hoy --</subfield>
    <subfield code="g">Unidad 8.</subfield>
    <subfield code="t">Recursos de Am&#xE9;rica y del Caribe --</subfield>
    <subfield code="g">Unidad 9.</subfield>
    <subfield code="t">El Proceso de urbanizaci&#xF3;n en Am&#xE9;rica. Relaciones pol&#xED;ticas, econ&#xF3;micas y culturales.</subfield>
  </datafield>
  <datafield tag="650" ind1=" " ind2="4">
    <subfield code="a">Geograf&#xED;a</subfield>
    <subfield code="x">Libros texto</subfield>
    <subfield code="9">864</subfield>
  </datafield>
  <datafield tag="650" ind1=" " ind2="4">
    <subfield code="a">Geograf&#xED;a</subfield>
    <subfield code="x">Problemas, ejercicios, etc,. </subfield>
    <subfield code="9">76740</subfield>
  </datafield>
  <datafield tag="650" ind1=" " ind2="4">
    <subfield code="a">Geograf&#xED;a </subfield>
    <subfield code="x">Ense&#xF1;anza secundaria</subfield>
    <subfield code="9">76742</subfield>
  </datafield>
  <datafield tag="650" ind1=" " ind2="4">
    <subfield code="a">Historia</subfield>
    <subfield code="x">Ense&#xF1;anza secundaria </subfield>
    <subfield code="9">76743</subfield>
  </datafield>
  <datafield tag="651" ind1=" " ind2="4">
    <subfield code="a">Am&#xE9;rica</subfield>
    <subfield code="x">Historia</subfield>
    <subfield code="x">Libros de texto</subfield>
    <subfield code="9">865</subfield>
  </datafield>
  <datafield tag="651" ind1=" " ind2="4">
    <subfield code="a">Caribe (Regi&#xF3;n)</subfield>
    <subfield code="x">Descripciones y viajes</subfield>
    <subfield code="9">87401</subfield>
  </datafield>
  <datafield tag="651" ind1=" " ind2="4">
    <subfield code="a">Am&#xE9;rica</subfield>
    <subfield code="x">Descripciones y viajes</subfield>
    <subfield code="9">867</subfield>
  </datafield>
  <datafield tag="651" ind1=" " ind2="4">
    <subfield code="a">Am&#xE9;rica</subfield>
    <subfield code="x">Condiciones econ&#xF3;micas</subfield>
    <subfield code="9">868</subfield>
  </datafield>
  <datafield tag="651" ind1=" " ind2="4">
    <subfield code="a">Am&#xE9;rica</subfield>
    <subfield code="x">Aspectos sociales</subfield>
    <subfield code="9">869</subfield>
  </datafield>
  <datafield tag="651" ind1=" " ind2="4">
    <subfield code="a">Am&#xE9;rica</subfield>
    <subfield code="x">Aspectos Pol&#xED;ticos</subfield>
    <subfield code="9">870</subfield>
  </datafield>
  <datafield tag="651" ind1=" " ind2="0">
    <subfield code="a">Caribe (Regi&#xF3;n)</subfield>
    <subfield code="x">Historia</subfield>
    <subfield code="x">Problemas, ejercicios, etc.</subfield>
    <subfield code="9">87401</subfield>
  </datafield>
  <datafield tag="910" ind1=" " ind2=" ">
    <subfield code="a">Validado. Control de calidad MFF</subfield>
  </datafield>
  <datafield tag="942" ind1=" " ind2=" ">
    <subfield code="2">ddc</subfield>
    <subfield code="c">LBS1</subfield>
  </datafield>
  <datafield tag="952" ind1=" " ind2=" ">
    <subfield code="0">0</subfield>
    <subfield code="1">1</subfield>
    <subfield code="5">4</subfield>
    <subfield code="7">5</subfield>
    <subfield code="8">DS</subfield>
    <subfield code="a">BNPHU</subfield>
    <subfield code="b">BNPHU</subfield>
    <subfield code="c">MI</subfield>
    <subfield code="d">2009-06-24</subfield>
    <subfield code="e">000090</subfield>
    <subfield code="i">LF1</subfield>
    <subfield code="l">0</subfield>
    <subfield code="o">917 C719g, 2007</subfield>
    <subfield code="p">266-30</subfield>
    <subfield code="r">2020-06-25</subfield>
    <subfield code="t">e. 3</subfield>
    <subfield code="w">2020-06-25</subfield>
    <subfield code="y">LF1</subfield>
    <subfield code="Z">Pr&#xE9;stamo en sala</subfield>
  </datafield>
  <datafield tag="952" ind1=" " ind2=" ">
    <subfield code="0">0</subfield>
    <subfield code="1">0</subfield>
    <subfield code="7">5</subfield>
    <subfield code="8">DS</subfield>
    <subfield code="a">BNPHU</subfield>
    <subfield code="b">BNPHU</subfield>
    <subfield code="c">HD</subfield>
    <subfield code="d">2009-06-24</subfield>
    <subfield code="e">000088</subfield>
    <subfield code="i">LF1</subfield>
    <subfield code="l">0</subfield>
    <subfield code="o">917 C719g, 2007</subfield>
    <subfield code="p">266-10</subfield>
    <subfield code="r">2020-06-25</subfield>
    <subfield code="w">2020-06-25</subfield>
    <subfield code="y">LF1</subfield>
    <subfield code="Z">No se presta</subfield>
  </datafield>
  <datafield tag="952" ind1=" " ind2=" ">
    <subfield code="0">0</subfield>
    <subfield code="1">1</subfield>
    <subfield code="7">2</subfield>
    <subfield code="8">PD</subfield>
    <subfield code="a">BNPHU</subfield>
    <subfield code="b">BNPHU</subfield>
    <subfield code="c">MI</subfield>
    <subfield code="d">2009-06-24</subfield>
    <subfield code="e">000089</subfield>
    <subfield code="i">LF1</subfield>
    <subfield code="l">0</subfield>
    <subfield code="o">917 C719g, 2007</subfield>
    <subfield code="p">266-20</subfield>
    <subfield code="r">2020-06-25</subfield>
    <subfield code="t">e. 2</subfield>
    <subfield code="w">2020-06-25</subfield>
    <subfield code="y">LF1</subfield>
    <subfield code="Z">No se presta</subfield>
  </datafield>
  <datafield tag="999" ind1=" " ind2=" ">
    <subfield code="c">266</subfield>
    <subfield code="d">266</subfield>
  </datafield>
</record>
